| 000 | 00900nam a2200217Ia 4500 | ||
|---|---|---|---|
| 999 |
_c39913 _d39913 |
||
| 001 | 6518 | ||
| 003 | GE_BSU | ||
| 005 | 20191022112429.0 | ||
| 008 | 181216s1935||||g |||||||||||||| ||geo|| | ||
| 040 | _cGE_BSU | ||
| 041 | _ageo | ||
| 080 | _a821.353.1-22 ბ-99 | ||
| 100 |
_aბუხნიკაშვილი, გ. _94925 |
||
| 245 |
_aშეშინებული ანთიმოზი : _bკომედია 2 მოქმედებად / _cგ. ბუხნიკაშვილი ; პ/მგ. რედ. ი. ლისიაშვილი.` |
||
| 264 |
_aთბილისი : _bფედერაცია ; _c1935. |
||
| 300 |
_a36 გვ. ; _c16 სმ. |
||
| 653 | _aშეშინებული ანთიმოზი | ||
| 653 | _aკომედია | ||
| 700 |
_aლისიაშვილი, ი.` _eრედაქტორი _94926 |
||
| 942 |
_cBK _2udc |
||